000 00484nam a2200181Ia 4500
003 GCL
008 140319s9999 xx 000 0 eng d
040 _aGCL /
_cGCL
082 0 4 _a324.24
_bG P
100 1 _aJOFFNEY, JOHN
245 1 0 _aPOLITICAL PARTIES AND EUROPEAN UNION /
_cJOFFNEY, JOHN
260 _a[S.N] :
_bROUTLEDGE ،
_c1996
300 _a340 P
650 0 4 _aEUROPEAN UNION
650 0 4 _aPOLITICAL PARTIES - EUROPE
650 0 4 _aEUROPEAN PARLIAMENT
942 _2ddc
_cBK
999 _c13704
_d13704